<?xml version="1.0" encoding="UTF-8"?>
<marc:record xmlns:marc="http://www.loc.gov/MARC21/slim">
   <marc:leader>00000nam a2200000 a 4500</marc:leader>
   <marc:datafield ind1="1" ind2=" " tag="100">
      <marc:subfield code="a">Beckermann, Ruth</marc:subfield>
   </marc:datafield>
   <marc:datafield ind1="0" ind2="0" tag="245">
      <marc:subfield code="a">Waldheims Walzer</marc:subfield>
   </marc:datafield>
   <marc:datafield ind1="0" ind2="0" tag="245">
      <marc:subfield code="b">Dokumentarfilm</marc:subfield>
   </marc:datafield>
   <marc:datafield ind1=" " ind2="1" tag="264">
      <marc:subfield code="b">filmladen</marc:subfield>
      <marc:subfield code="c">2018</marc:subfield>
   </marc:datafield>
   <marc:datafield ind1="1" ind2=" " tag="490">
      <marc:subfield code="a">265</marc:subfield>
   </marc:datafield>
   <marc:datafield ind1="1" ind2=" " tag="520">
      <marc:subfield code="a">Ruth Beckermann dokumentiert, wie während des Wahlkampfs des ehemaligen UN-Generalsekretärs Kurt Waldheim um das Amt des österreichischen Bundespräsidenten im Jahr 1986 die Lücken in seiner Kriegsbiografie vom Jüdischen Weltkongress in New York aufgedeckt wurden. Dies hatte in Österreich zu nationalem Schulterschluss, antisemitischen Ausschreitungen und schließlich zu seiner Wahl geführt. Mittels internationalem Archivmaterial sowie Beckermanns selbst gedrehten Videoaufnahmen analysiert der Film den Zusammenbruch der österreichischen Lebenslüge, erstes Opfer der Nazis gewesen zu sein. Und er zeigt die Mechanismen der Mobilisierung hetzerischer Gefühle &#x96; damals wie heute.</marc:subfield>
   </marc:datafield>
   <marc:datafield ind1=" " ind2=" " tag="020">
      <marc:subfield code="a">9120026073015</marc:subfield>
      <marc:subfield code="9">9120026073015</marc:subfield>
   </marc:datafield>
   <marc:datafield ind1="0" ind2=" " tag="490">
      <marc:subfield code="v">0</marc:subfield>
   </marc:datafield>
   <marc:datafield ind1=" " ind2=" " tag="300">
      <marc:subfield code="a">93 min</marc:subfield>
   </marc:datafield>
</marc:record>
